000 01365cam a2200325 4500
008 030618n2003 000 0 eng u
020 _a1860816053
035 _a(Sirsi) u122661
041 _aeng
050 _a694.01
_c18
100 _aGrantham, Rob
245 _aMulti storey timber frame buildings
_ba design guide
260 _aGarston
_bBRE
_c2003
300 _avi, 50p.
_bill
_c30cm.
350 _a37.50
490 _aBRE BR
_v454
520 _aAimed at building professionals concerned with the design, construction and performance of timber frame structures, this text looks at aspects specific to multi-storey buildings of platform frame type construction. Provides design and best practice guidance on structural stability and robustness, fire safety, differential movement, construction benchmarking, and construction process and building tolerances. References.
650 _aMULTI STOREY BUILDINGS
650 _aTIMBER FRAME BUILDINGS
650 _aTIMBER FRAME CONSTRUCTION
690 _aBUILT ENVIRONMENT-CONSTRUCTION DESIGN
700 _aEnjily, Vahik
700 _aMilner, Martin
700 _aBullock, Mostyn
700 _aPitts, Geoff
710 _aBuilding Research Establishment
710 _aUnited Kingdom
_bOffice of the Deputy Prime Minister
710 _aTimber Research and Development Association
942 _n0
999 _c102900
_d102900